000 01521nam0a2200301 4500
001 RU\NLR\bibl\1125355
005 20260405095900.0
021 _aRU
_b2007-49645
_92627
035 _a(NLR Aleph) 001112299
090 _a1245835
_c1245835
100 _a20070906d2006 |||y0rusy50 ca
101 0 _arus
_aeng
102 _aRU
105 _ay |||||||||
200 1 _aАнглийский язык
_eучебное пособие для аспирантов гуманитарных специальностей
_fЛ.Я. Вавилова, Л.Н. Павлова
_gФедер. агентство по образованию, ГОУ ВПО "Сиб. гос. технол. ун-т"
210 _aКрасноярск
_cСибГТУ
_d2006
215 _a106,[1] с.
_d21
320 _aБиблиогр.: с. 105
606 1 _aАнглийский язык
_xУчебные издания для гуманитарных специальностей
_92450529
_3RU\NLR\auth\661457034
606 1 _aАнглийский язык
_jУчебные издания для последипломного образования
_9972309
_3RU\NLR\auth\6646032
686 _aШ143.21-93рус329.2/7
700 1 _aВавилова
_bЛ. Я.
_gЛариса Ясоновна
_4070
701 1 _4070
_8rus
_7ca
_aПавлова
_bЛ. Н.
_cканд. пед. наук
_gЛюдмила Николаевна
_3RU\NLR\auth\7736204
_919195
801 0 _aRU
_bNLR
_c20070906
_gRCR
801 1 _aRU
_bNLR
_c20070906
942 _cBOOK
980 _aNB